000 00438nam a22001577a 4500
999 _c17668
_d17668
003 OSt
005 20221129134027.0
008 221129b ||||| |||| 00| 0 eng d
040 _c0
100 _aAlipala, Julie S.
_946913
245 _aApuh Ambalang Ausalin, Yakan master weaver; 78 /
260 _aPhilippines;
_bPhilippine Daily Inquirer,
_cFebruary 19, 2022.
300 _apage A10.
650 _aCulture.
_946914
942 _2ddc
_cPER